Ennemis que Spider-Man a déjà affronté - Statistiques

Statistiques générales
  • Ce quiz a été pris 185 fois
    135 depuis la dernière actualisation
  • Le résultat moyen est 22 sur 251
Statistiques - réponses
Réponse % Correct
Bouffon Vert / Green Goblin
95%
Venom
94%
Docteur Octopus / Doctor Octopus
89%
Electro
82%
Rhino
82%
Carnage
79%
Homme-Sable / Sandman
78%
Vautour / Vulture
73%
Lézard / Lizard
71%
Mysterio
70%
Scorpion
66%
Chatte Noir / Black Cat
57%
Caïd / Kingpin
56%
Shocker
56%
Caméléon / Chameleon
55%
Kraven le Chasseur / Kraven the Hunter
55%
Mister Negative
51%
Morbius
44%
Super Bouffon / Hobgoblin
44%
Hammerhead
35%
Tombstone
35%
Chacal / Jackal
28%
Morlun
27%
Hydro-Man
26%
Toxin
24%
Scream
23%
Tâche / Spot
23%
Anti Venom
21%
Docteur Fatalis / Doctor Doom
20%
Harry Osborn
20%
Bouffon Gris / Grey Goblin
19%
Rôdeur / Prowler
19%
Silver Sable
19%
Big Wheel
18%
Riot
16%
Scarabée / Beetle
16%
Maître de Corvée / Taskmaster
15%
Bricoleur / Tinkerer
14%
Crâne Rouge / Red Skull
12%
Bouffon Noir / Demogoblin
11%
Shriek
11%
Stegron
11%
Homme de Métal / Molten Man
10%
J Jonah Jameson
10%
Bouffon Chevalier / Knight Goblin
9%
Bouffon Roi / Goblin King
9%
Fléau / Juggernaut
8%
Kangourou / Kangaroo
8%
Mephisto
8%
Screwball
8%
Alistair Smythe
7%
Norman Osborn
7%
Phage
7%
Essaim / Swarm
6%
Agony
5%
Boomerang
5%
Grizzly
5%
Iguane / Iguana
5%
Jack O'Lantern
5%
Morse / Walrus
5%
Rose
5%
Spidercide
5%
Styx
5%
Tireur / Bullseye
5%
Cambrioleur / Burglar
4%
Gibbon
4%
Hippo
4%
Kaine
4%
Lasher
4%
Menace
4%
Peintre / Painter
4%
Reine / Queen
4%
Réponse / Answer
4%
Silvermane
4%
Sorcier / Wizard
4%
Spectre / Wraith
4%
Spencer Smythe
4%
Stone
4%
Stunner
4%
Tarentule / Tarantula
4%
Typographe / Typeface
4%
Vermin
4%
Calypso
3%
Carrion
3%
Hibou / Owl
3%
Homme Loup / Man Wolf
3%
Hypno Hustler
3%
Lapin Blanc / White Rabbit
3%
Maître du Crime / Crime Master
3%
Mille / Thousand
3%
Porc Epic / Porcupine
3%
Puma
3%
Speed Demon
3%
Whiplash / Blacklash
3%
Ame Soeur / Kindred
2%
Anti Araignées / Spider Slayers
2%
Boeuf / Ox
2%
Bulldozer
2%
Chance
2%
Comte Nefaria / Count Nefaria
2%
Cyclone
2%
Doppelganger
2%
Dragon Blanc / White Dragon
2%
Gargouille Grise / Grey Gargoyle
2%
Gladiateur / Gladiator
2%
Gog
2%
Homme Radioactif / Radioactive Man
2%
John Jameson
2%
Judas Traveller
2%
Lady Octopus
2%
Montana
2%
Paladin
2%
Pandamania
2%
Piégeur / Trapster
2%
Psychum / Mindworm
2%
Puzzle
2%
Rédempteur / Sin-Eater
2%
Roller Skater / Rocket Racer
2%
Shatra
2%
Tireur / Hitman
2%
Zzzax
2%
8-Ball
1%
Alyosha Kravinoff
1%
Ana Kravinoff
1%
Anguille / Eel
1%
Anneau / Ringer
1%
Arrangeur / Arranger
1%
Baron Brimstone
1%
Baron Mordo
1%
Batroc le Sauteur / Batroc the Leaper
1%
Big Turk
1%
Black Fox
1%
Blaze
1%
Bookmaker
1%
Boulet de canon / Human cannonball
1%
Boulet / Thunderball
1%
Bruin / Ours Brun
1%
Bruto l'homme fort / Bruto the strong man
1%
Cardiac
1%
Cerveau Vivant / Living Brain
1%
Chasseur Gris / Grim Hunter
1%
Chevalier Noir / Black Knight
1%
Chtylok
1%
Clash
1%
Clown
1%
Cobra / King Cobra
1%
Commanda
1%
Comploteur / Schemer
1%
Compresseur / Piledriver
1%
Cracheur de Feu / Fire-Eater
1%
Crapaud / Toad
1%
Darter / Dard
1%
Démolisseur / Wrecker
1%
Devil Spider
1%
Docteur Bong / Doctor Bong
1%
Dragon Man
1%
El Muerto
1%
Epouvantail / Scarecrow
1%
Etranger / Foreigner
1%
Fancy Dan
1%
Feu Follet / Will o'the Wisp
1%
Finisseur / Finisher
1%
Fourmi Noir / Black Ant
1%
Franz Kraus
1%
Freak
1%
Freres Grimm / Grimm Brothers
1%
Fusion
1%
Gantry
1%
Gaunt
1%
Gordon Savinski / Terrier / Pitbull
1%
Grand Patron / Big Man
1%
Hammer Harrison
1%
Hanneton / Humbug
1%
Headsman / Bourreau
1%
Homme aux Echasses / Stilt Man
1%
Homme Grenouille / Leap Frog
1%
Homme Plante / Plantman
1%
Jonas Harrow
1%
Klaw
1%
la Fusion
1%
Laser Vivant / Living Laser
1%
Leroy Tallon
1%
les Gambonno / the great Gambonnos
1%
Lucky Lobo
1%
Luminex / Lightmaster
1%
Mad Jack
1%
Marcassin / Razorback
1%
Massacre
1%
Mauler
1%
Mesmero
1%
Midas
1%
Mirage
1%
Mister Hyde
1%
Orbit / Orbite
1%
Overdrive
1%
Override
1%
Paper Doll
1%
Pilleur / Looter
1%
Princesse Python / Princess Python
1%
Pygargue / Killer Shrike
1%
Rajah
1%
Ringmaster / Maître de Manège
1%
Royce Nero
1%
Salamandra
1%
Sandor
1%
Sasha Kravinoff
1%
Satellite
1%
Scarabée Rouge / Scarlet Beetle
1%
Scorcher
1%
Scorpia
1%
Scrier
1%
Shade
1%
Shadrac
1%
Simon Krieger
1%
Skein
1%
Snake Marston
1%
Spider Carnage
1%
Steel Spider
1%
Tatou / Armadillo
1%
Teena la grosse dame / Teena the fat lady
1%
Tendril
1%
Tourbillon / Whirlwind
1%
Tracer
1%
Tri Sentinelle / Tri Sentinel
1%
Vacuum
1%
Vautour Rouge / Red Vulture
1%
Xandu
1%
Basilic / Basilisk
0%
Black Tarantula / Tarentule Noir
0%
Calmar / Squid
0%
Carabe Doré / Goldbug
0%
Cauchemar / Nightmare
0%
Charlotte Witter
0%
Coldheart
0%
Croque Mort / Undertaker
0%
Frères Lobo / Lobo Brothers
0%
Hood
0%
Joey Pullaski
0%
Joystick
0%
Maître des Robots / Robots Master
0%
Marko l'Homme Montagne / Man Mountain Marko
0%
Mouche / Human Fly
0%
Phalanx
0%
Pitre / Jester
0%
Regent
0%
Saecularis / Turner D Century
0%
Slyde
0%
Supercharger / Super Charge
0%
Trapstr
0%
Virus
0%
Winkler
0%
Aucun quiz correspondant
Distribution des résultats
% des personnes avec chaque résultat
Percentile par nombre de réponses
Votre historique - résultats
Vous n’avez pas pris ce quiz depuis la dernière actualisation